000 00317 a2200145 4500
001 171033
020 _a
040 _cMagnum
100 _aGarcia, Eduardo
240 1 0 _aHistoria da civilizacao - v.1
_lpor
245 1 0 _aHistoria da civilizacao - v.1
362 0 _a1899
697 _aHISTORIA GERAL
942 _cBK
999 _c171033
_d171033